000 00406nam a22001337a 4500
020 _qHB.
040 _cFizza Ishaq
082 _a813.52
_b1970.
100 _aGhinsberg, yossi.
_9133586
245 _aJungle: A Harrowing True Story of Adventure, Danger and Survival /
_cyossi Ghinsberg.
260 _aNew York :
_bBoomerang New Media,
_c1970.
300 _a241 p. ;
_c6.1 x 9.2 x 1 inches
942 _2ddc
_cBK
999 _c616532
_d616532